| 000 | 00452nmm a2200157Ia 4500 | ||
|---|---|---|---|
| 008 | 251105s9999||||xx |||||||||||||||||und|| | ||
| 020 | _a9788417007416 | ||
| 041 | _aspa | ||
| 100 | _aConroy, Frank | ||
| 245 | 0 | _aStop-Time | |
| 264 |
_a[Madrid, España] : _bLibros del asteroide, _c[Fecha de publicación no identificada] |
||
| 300 | _a424 páginas | ||
| 650 | _aBiography | ||
| 856 | _uhttps://public.digitaliapublishing.com/a/97109 | ||
| 942 | _cCF | ||
| 999 |
_c78283 _d78283 |
||